000 00580nam a2200181Ia 4500
003 IN-BaIIA
008 211028s9999 xx 000 0 eng d
040 _cIIA Library
080 _a(035)621.83
_bAGM-1
110 _aAmerican Gear Manufacturers Association
_99394
245 2 _aA G M A Gear Handbook
_cAmerican Gear Manufacturers Association
260 _aMassachusetts
_bAmerican Gear Manufacturers Association
_c1972
300 _a[various pagings.]
650 _aGears
650 _aMechanical Engineering
_9667
650 _aNASA Thesaurus
942 _cBK
999 _c5402
_d5402